Política e historia: de Maquiavelo a Marx. Cursos en la escuela normal superior 1955-1972

Shranjeno v:
Bibliografske podrobnosti
Glavni avtor: Althusser, Louis (Author)
Format: Knjiga
Jezik:španščina
Izdano: Buenos Aires Katz 2007
Izdaja:1a. ed
Serija:Conocimiento, 3029
Teme:
Oznake: Označite
Brez oznak, prvi označite!

MARC

LEADER 00000cam a2200000 a 4500
001 UCG6837
003 CL-VaPUC
005 20241212091159.0
008 110520e20070000AG |||||||||||||||||spa|d
999 |c 344968  |d 344966 
020 |a 9789871283477 
040 |c Pontificia Universidad Católica de Valparaíso 
082 0 4 |a 320.1  |b ALT  |2 21 
100 0 |a Althusser, Louis  |e author  |9 344300 
245 1 0 |a Política e historia: de Maquiavelo a Marx. Cursos en la escuela normal superior 1955-1972 
250 |a 1a. ed 
260 |a Buenos Aires  |b Katz  |c 2007 
300 |a 384 p 
490 0 |a Conocimiento, 3029 
583 |a last modification  |c 20160913 04:44:02  |k Rodrigo Vera 
600 0 |a Maquiavelo, Nicolás  |d 1469-1527  |9 255701 
600 0 |a Marx, Karl Heinrich,  |d 1818-1883  |9 861123 
650 7 |a FILOSOFIA POLITICA  |2 CL-VaPUC  |9 557268 
650 0 |a Ideologías políticas   |9 255735 
942 |c BK  |2 ddc 
945 |d 20110520 00:00:00  |a jcampos 
952 |0 0  |1 0  |4 0  |6 320_100000000000000_ALT_2007  |7 0  |8 A  |9 443335  |a BIBHIS  |b BIBHIS  |d 2019-11-22  |i 4779126  |o 320.1 ALT 2007  |p 4779126  |r 2025-01-20  |w 2019-11-22  |y BK  |k HIS 
952 |0 0  |1 0  |3 erb  |4 0  |6 320_100000000000000_ALT_2007  |7 0  |8 A  |9 443336  |a BIBEDU  |b BIBEDU  |d 2019-11-22  |i 5018994  |o 320.1 ALT 2007  |p 5018994  |r 2019-11-22  |w 2019-11-22  |y BK  |z Catalogado en:20131018  |k PSI